Sỏi thận = Kidney Stones

Sách gồm các liệu pháp đối chứng, phương pháp chữa bệnh theo y học cổ truyền Ấn Độ (Ayurveda), liệu pháp vi lượng đồng căn, liệu pháp tự nhiên, Unani

Tallennettuna:
Bibliografiset tiedot
Päätekijä: Ramaiah, Savitri
Aineistotyyppi: Kirja
Kieli:Undetermined
Julkaistu: Thành phố Hồ Chí Minh Tổng Hợp Thành phố Hồ Chí Minh 2004
Aiheet:
Tagit: Lisää tagi
Ei tageja, Lisää ensimmäinen tagi!
Thư viện lưu trữ: Trung tâm Học liệu Trường Đại học Cần Thơ
LEADER 00881nam a2200217Ia 4500
001 CTU_226527
008 210402s9999 xx 000 0 und d
082 |a 616.622 
082 |b R165 
100 |a Ramaiah, Savitri 
245 0 |a Sỏi thận = 
245 0 |b Kidney Stones 
245 0 |c Savitri Ramaiah ; Ưng Tiếu, Tạ Văn Hùng (dịch) 
260 |a Thành phố Hồ Chí Minh 
260 |b Tổng Hợp Thành phố Hồ Chí Minh 
260 |c 2004 
520 |a Sách gồm các liệu pháp đối chứng, phương pháp chữa bệnh theo y học cổ truyền Ấn Độ (Ayurveda), liệu pháp vi lượng đồng căn, liệu pháp tự nhiên, Unani 
650 |a Kidneys,Thận 
650 |x Calculi,Sạn 
910 |b vtbtruc 
980 |a Trung tâm Học liệu Trường Đại học Cần Thơ